| 000 | 00816nam a2200241Ia 4500 | ||
|---|---|---|---|
| 003 | GCL | ||
| 005 | 20240530104030.0 | ||
| 008 | 140319s9999 xx 000 0 ara d | ||
| 040 |
_aGCL / _cGCL |
||
| 082 | 0 | 4 |
_a953.071 _bغ ا |
| 100 | 1 | _aغارودى، روجيه | |
| 245 | 1 | 2 |
_aالاسلام فى الغرب : _bقرطبة عاصمة العالم والفكر / _cروجيه غارودى |
| 250 | _aالاولى | ||
| 260 |
_aسوريا : _bدار دمشق للنشر والتوزيع والطباعة ، _c1995 |
||
| 300 |
_a257 ص: _bايض ؛ _c24 سم |
||
| 650 | 0 | 4 | _aالاسلام |
| 650 | 0 | 4 | _aالاندلس |
| 650 | 0 | 4 | _aالتاريخ الاسلامى |
| 650 | 0 | 4 | _aالعرب فى الاندلس |
| 650 | 0 | 4 | _aقرطبة |
| 700 | 1 |
_aذوقان قرقوط _eمترجم |
|
| 942 |
_2ddc _cBK |
||
| 999 |
_c44224 _d44224 |
||